médicament - EI - torsade de point /allongement du QT - Statistiques

Statistiques générales
  • Ce quiz a été pris 25 fois
  • Le résultat moyen est 2 sur 17
Statistiques - réponses
Hint Réponse % Correct
10 amiodarone
45%
15 dompéridone
45%
9 diltiazem
18%
1 - olol
18%
8 vérapamil
18%
12 Anti H1
9%
13 Anti H3
9%
14 dropéridol
9%
5 lidocaine
9%
16 metoclopramine
9%
4 quinine
9%
17 -setron
9%
7 anti épileptique
0%
2 dantrolène
0%
3 digitalique
0%
6 flecaine
0%
11 toplexil
0%
Aucun quiz correspondant
Distribution des résultats
% des personnes avec chaque résultat
Percentile par nombre de réponses
Votre historique - résultats
Vous n’avez pas pris ce quiz